000
00280nam a2200109 4500
999
_c
10627
_d
10627
003
OSt
005
20220429170545.0
008
220429b ||||| |||| 00| 0 eng d
082
_a
362.110
245
_a
Hospital clinics, and Health centers
_b
an architectural record book
942
_2
ddc